| 000 | 00901nam a22002777a 4500 | ||
|---|---|---|---|
| 999 |
_c797 _d797 |
||
| 001 | 001922 | ||
| 003 | CoMeUDC001922 | ||
| 005 | 20190115224338.0 | ||
| 008 | 130821s2010 ck gr spa | ||
| 020 | _a958350551x | ||
| 020 | _a9789583507700 (3a.Ed.) | ||
| 040 |
_aCO-BoUCM _bspa _cCoMeUDC _dNuevo |
||
| 041 | 0 | 0 | _aspa |
| 082 | 0 | 4 |
_a347.07 _220 _bH493d |
| 100 | 1 |
_aHenao Hidrón, Javier _942565 |
|
| 245 | 1 | 0 |
_aDerecho procesal constitucional protección de los derechos constitucionales / _cJavier Henao Hidrón. |
| 250 | _a3a ed | ||
| 260 |
_aBogotá (Colombia) : _bEditorial Temis, _c2010. |
||
| 300 | _axi, 278 páginas | ||
| 650 | 7 |
_aAcción de tutela _98344 |
|
| 650 | 7 |
_aDerecho constitucional _912725 |
|
| 650 | 7 |
_aDerecho de petición _912742 |
|
| 650 | 7 |
_aDerecho procesal _912822 |
|
| 690 | _aDerecho constitucional | ||
| 942 |
_cBK _a8 _e3 _mH493d _2ddc _h342.085 |
||